|
|
|
|
| LEADER |
00000nab a2200000 a 4500 |
| 001 |
vtls009174917 |
| 003 |
SK-MaSNL |
| 005 |
20260304172908.0 |
| 008 |
250526c2007 xo |||||||||||000 b|slo |
| 015 |
|
|
|a SNBRB2008/01
|2 snkbucl
|
| 035 |
|
|
|a (uuid)3e5e149b-ee5c-4157-a593-0b3b4543bf20
|
| 035 |
|
|
|a urn:nbn:sk:snk-ab11k9
|
| 035 |
|
|
|a (urnnbn)urn:nbn:sk:snk:ar-005bqu
|
| 038 |
|
|
|a SNKBUCL
|
| 040 |
|
|
|a SNKBUCL
|b slo
|c SNKBUCL
|e AACR2
|
| 041 |
0 |
|
|a slo
|
| 044 |
|
|
|a xo
|c SK
|
| 080 |
|
|
|a 630:061.5
|x (437.6)
|2 1997
|
| 080 |
|
|
|a 630*6
|x (437.6)
|2 1997
|
| 100 |
1 |
|
|a Marko, Jozef
|4 aut
|9 632205
|
| 245 |
1 |
0 |
|a Je šťastím hospodáriť v takých kvalitných porastoch
|c Jozef Marko
|
| 300 |
|
|
|b Fotogr.
|
| 610 |
2 |
7 |
|a Mestské lesy (Kremnica, Slovensko)
|2 snkbucl
|9 695113
|
| 651 |
|
7 |
|a Kremnica (Slovensko)
|2 snkbucl
|9 26188
|
| 651 |
|
7 |
|a Žiar nad Hronom (Slovensko : okres)
|2 snkbucl
|9 17733
|
| 773 |
0 |
|
|t Les & Slovenské lesokruhy
|g Roč. 63/6, č. 11 - 12 (2007), s. 14-15
|x 1337-088X
|
| 850 |
|
|
|a Slovenská národná knižnica
|
| 852 |
|
|
|a Slovenská národná knižnica
|
| 954 |
|
|
|a odborná, vedecká literatúra pôvodná (slovenská)
|2 lita
|
| 958 |
|
|
|a ONDV
|
| 958 |
|
|
|a article2022
|
| 958 |
|
|
|a SK
|
| 999 |
|
|
|c 3000600
|d 3002530
|